Cuentahílos : elogio del editante /

Reflexión sobre el oficio del editor y el optimismo renovado que sienten las nuevas generaciones en relación al devenir del libro. El autor es uno de los editores de la editorial Minerva, especializado en autores clásicos vistos desde una perspectiva moderna.

Guardado en:
Bibliografiske detaljer
Hovedforfatter: Hernández Zarauz, Santiago (autor)
Andre forfattere: Ruiz Mantilla, Jesús (prólogo) (prólogo)
Format: Bog
Sprog:spansk
Udgivet: Madrid, España : Trama, 2024, c2024
Fag:
Tags: Tilføj Tag
Ingen Tags, Vær først til at tagge denne postø!

MARC

LEADER 00000nam^a2200000^a^4500
001 000615107
005 20250523000000.0
009 20260526154206.376
020 |a 978-84-128117-9-7 
037 |a Acervo ITESO - Biblioteca 
041 |a ESP 
082 |a 302. 232  |b HER 
100 |a Hernández Zarauz, Santiago  |e (autor) 
245 1 0 |a Cuentahílos :  |b elogio del editante /  |c S. Hernández Zarauz ; pról. de J. Ruiz Mantilla. 
264 4 |a Madrid, España :  |b Trama,  |c 2024, c2024 
300 |a 203 p. 
336 |a texto  |b txt  |2 rdacontenido 
337 |a sin mediación  |b n  |2 rdamedio 
338 |a volumen  |b nc  |2 rdasoporte 
520 |a Reflexión sobre el oficio del editor y el optimismo renovado que sienten las nuevas generaciones en relación al devenir del libro. El autor es uno de los editores de la editorial Minerva, especializado en autores clásicos vistos desde una perspectiva moderna. 
521 |a Librerías 2025 LCF 
649 |a XX 
650 |a Editores y Libreros -  |x Tema Principal 
650 |a Industria Editorial 
650 |a Libros 
650 |a Medios Impresos 
650 |a Bibliología 
700 |a Ruiz Mantilla, Jesús  |e (prólogo) 
910 |a Fondo General 
920 |a Impresos - Libros 
930 |a Colección General 
905 |a 101 
901 |a 615107-10  |b IT1  |c ACC  |i C189777  |u 20250523 
902 |a https://opac.biblio.iteso.mx/vufind/Record/000615107